Wine Bottle Sizes (with an SVG image) - Statistics

General Stats
  • This quiz has been taken 275 times
  • The average score is 4 of 8
Answers on the Map
Answers color-coded by a green-red scale on the quiz's map according to % correct below.
 
Answer Stats
Capacity Bottle % Correct
1.5 L Magnum
81%
750 ml Standard
72%
375 ml Half-Bottle
62%
187.5 ml Quarter-Bottle
55%
4.5 L Jeroboam
38%
6.0 L Imperial
37%
3.0 L Double Magnum
30%
9.0 L Salmanazar
18%
No matching quizzes found
Score Distribution
Percent of People with Each Score
Percentile by Number Answered
Your Score History
You have not taken this quiz